Suite de la Clef, ou, Journal historique sur les matieres du tems contenant aussi quelques nouvelles de litterature, et autres remarques curieuses.

Detalles Bibliográficos
Formato: Libro
Lenguaje:Undetermined
French
Publicado: a Paris : chez Etienne Geneau, 1721.
Materias:
Colección:Banco de datos
Acervo:Biblioteca Palafoxiana. Colección bibliográfica
Descripción Física:t. ; 4°
Tema general:Francia - Publicaciones periódicas
Notas:Número de localización: Año 1721 (40027) ; Año 1721 (40028).
LEADER 00625nam a2200157Ia 4500
008 150723s9999 xx 000 0 und d
041 0 |a fre 
050 0 |a PAFX AP1 S8 
245 1 0 |a Suite de la Clef, ou, Journal historique sur les matieres du tems contenant aussi quelques nouvelles de litterature, et autres remarques curieuses. 
260 |a a Paris : chez Etienne Geneau, 1721. 
300 |a t. ; 4° 
500 |a Número de localización: Año 1721 (40027) ; Año 1721 (40028). 
650 1 0 |a Francia - Publicaciones periódicas 
942 |c PALALIB 
943 |g Biblioteca Palafoxiana. Colección bibliográfica 
999 |c 1066672  |d 1066672